| 000 | 00539nam a2200205Ia 4500 | ||
|---|---|---|---|
| 003 | 0100 | ||
| 008 | 130227s9999 xx 000 0 und d | ||
| 040 | _cARRUPELIB | ||
| 050 | _aBP171.N74 2008 | ||
| 100 | _aMvumbi, Frederic Ntedika | ||
| 245 | _aJourney into Islam | ||
| 245 | _ban attempt to awaken christians in Africa | ||
| 260 | _aNairobi | ||
| 260 | _bPaulines Publications Africa | ||
| 260 | _C2008 | ||
| 300 | _a176p. | ||
| 300 | _b 22cm. | ||
| 650 | _bSpiritual life - Catholic authors - Early works | ||
| 942 |
_2lcc _03 |
||
| 999 |
_c2481 _d2481 |
||